Pays-Bas 0 - 1 Espagne (CdM 2010) - Statistiques

Statistiques générales
  • Ce quiz a été pris 126 fois
    28 depuis la dernière actualisation
  • Le résultat moyen est 17 sur 30
Statistiques - réponses
Poste Club Joueur % Correct
Ailier droit FC Barcelona Andrés Iniesta
96%
Défenseur central FC Barcelona Gerard Piqué
96%
Gardien de but Real Madrid CF Iker Casillas
96%
Milieu offensif FC Barcelona Xavi
96%
Défenseur central FC Barcelona Carles Puyol
92%
Ailier droit FC Bayern München Arjen Robben
88%
Avant-centre FC Barcelona David Villa
88%
Avant-centre Arsenal FC Robin van Persie
88%
Milieu central FC Barcelona Sergio Busquets
84%
Avant-centre remplaçant (106') Liverpool FC Fernando Torres
80%
Latéral droit Real Madrid CF Sergio Ramos
80%
Milieu central Real Madrid CF Xabi Alonso
80%
Ailier gauche FC Barcelona Pedro
76%
Milieu offensif Inter Wesley Sneijder
72%
Milieu central remplaçant (87') Arsenal FC Cesc Fàbregas
64%
Coach Espagne Vicente del Bosque
56%
Latéral droit remplaçant (60') Sevilla FC Jesús Navas
52%
Milieu central Manchester City Nigel de Jong
48%
Ailier gauche Liverpool FC Dirk Kuyt
44%
Latéral gauche Villarreal CF Joan Capdevila
44%
Gardien de but AFC Ajax Maarten Stekelenburg
36%
Milieu central FC Bayern München Mark van Bommel
32%
Milieu central remplaçant (99') Real Madrid CF Rafael van der Vaart
28%
Latéral gauche Retraite Giovanni van Bronckhorst
24%
Défenseur central Everton FC Johnny Heitinga
16%
Défenseur central Hamburger SV Joris Mathijsen
12%
Ailier gauche remplaçant (71') Hamburger SV Eljero Elia
8%
Latéral droit AFC Ajax Gregory van der Wiel
8%
Coach Pays-Bas Bert van Marwijk
4%
Latéral gauche remplaçant (105') FC Bayern München Edson Braafheid
4%
Aucun quiz correspondant
Distribution des résultats
% des personnes avec chaque résultat
Percentile par nombre de réponses
Votre historique - résultats
Vous n’avez pas pris ce quiz depuis la dernière actualisation